Skip to main content
Your cart is empty.
Your lists
Log in to create your own lists
Your cookies
العربية
English
العربية
Home
Search
Advanced search
Authority search
About
The noble scholar, jurist, historian
His Excellency Dr. Abdul Wahhab bin Ibrahim Abu Sulaiman, may Allah have mercy on him.
He was born in Umm Al-Qura in the year 1356 AH.
Library catalog
Title
Author
Subject
ISBN
ISSN
Series
Call number
Log in to your account
×
Login:
Password:
Home
MARC view: التخيير بين الواجبات في فقه العبادات /
Normal view
MARC view
ISBD view
التخيير بين الواجبات في فقه العبادات / (Record no. 4528)
[
view plain
]
MARC details
000 -LEADER
fixed length control field
02508cam a2200325 i 4500
003 - CONTROL NUMBER IDENTIFIER
control field
SA-RiAUC
005 - DATE AND TIME OF LATEST TRANSACTION
control field
20250109072141.0
008 - FIXED-LENGTH DATA ELEMENTS--GENERAL INFORMATION
fixed length control field
250107s2004 le g b 000 0 ara c
020 ## - INTERNATIONAL STANDARD BOOK NUMBER
International Standard Book Number
9953429707
024 0# - OTHER STANDARD IDENTIFIER
Standard number or code
00000000983950
040 ## - CATALOGING SOURCE
Original cataloging agency
SA-JeALM
Language of cataloging
ara
Transcribing agency
SA-RiAUC
Modifying agency
AE-DuMBRL
Description conventions
rda
082 04 - DEWEY DECIMAL CLASSIFICATION NUMBER
Classification number
252
Assigning agency
SA-RiAUC
090 ## - LOCALLY ASSIGNED LC-TYPE CALL NUMBER (OCLC); LOCAL CALL NUMBER (RLIN)
Classification number (OCLC) (R) ; Classification number, CALL (RLIN) (NR)
252
Local cutter number (OCLC) ; Book number/undivided call number, CALL (RLIN)
ك ب ي
100 1# - MAIN ENTRY--PERSONAL NAME
Personal name
الكبيسي، صهيب عباس عودة
Relator term
مؤلف.
245 12 - TITLE STATEMENT
Title
التخيير بين الواجبات في فقه العبادات /
Statement of responsibility, etc.
بحث تقدم به صهيب عباس عودة الكبيسي ؛ بإشراف الدكتور مفلح عبد الواحد محمد سعيد الهيتي.
246 30 - VARYING FORM OF TITLE
Title proper/short title
فقه العبادات
250 ## - EDITION STATEMENT
Edition statement
الطبعة الأولى.
264 #1 - PRODUCTION, PUBLICATION, DISTRIBUTION, MANUFACTURE, AND COPYRIGHT NOTICE
Place of production, publication, distribution, manufacture
بيروت :
Name of producer, publisher, distributor, manufacturer
دار المعرفة،
Date of production, publication, distribution, manufacture, or copyright notice
2004.
300 ## - PHYSICAL DESCRIPTION
Extent
184 صفحة ؛
Dimensions
24 سم
336 ## - CONTENT TYPE
Content type term
نص
Content type code
txt
Source
rdacontent
Materials specified
كتاب
337 ## - MEDIA TYPE
Media type term
بدون وسيط
Media type code
n
Source
rdamedia
338 ## - CARRIER TYPE
Carrier type term
مجلد
Carrier type code
nc
Source
rdacarrier
504 ## - BIBLIOGRAPHY, ETC. NOTE
Bibliography, etc. note
يشتمل على إرجاعات ببليوجرافية.
520 ## - SUMMARY, ETC.
Summary, etc.
يتناول كتاب (التخيير بين الواجبات في فقه العبادات) والذي قام بتأليفه صهيب عباس عودة الكبيسي، موضوع (أصول الدين) هذا الكتاب بحث قيم يظهر لنا شيء من سعة في هذا الدين، إذ التخيير بين الأمور الواجبة جانب من جوانب التيسير وإزالة الحرج، وإظهاره للناس والكشف عن جزئياته أمر يعزز حب هذا الدين في قلوبهم، ويجعلهم في حرص دائم على التمسك به. بدأ الباحث بتعريف التخيير لغة واصطلاحا"، والتفريق بين الفرض والواجب، ثم الواجب المخير ثم التخيير بين الواجبات في فقه العبادات: الطهارة، الصلاة، الزكاة، الصيام، الحج، الأيمان والنذور. وتخلل كل مطلب عدة مسائل. ثم أورد في الخاتمة خلاصة ما كتب من مسائل وأهم ما توصل إليه من نتائج.
650 #7 - SUBJECT ADDED ENTRY--TOPICAL TERM
Topical term or geographic name entry element
العبادات (فقه إسلامي)
Source of heading or term
aucsh
700 1# - ADDED ENTRY--PERSONAL NAME
Personal name
الهيتي، مفلح عبد الواحد محمد سعيد
Relator term
مشرف.
942 ## - ADDED ENTRY ELEMENTS (KOHA)
Source of classification or shelving scheme
Dewey Decimal Classification
Koha item type
Books
Suppress in OPAC
No
949 ## - LOCAL PROCESSING INFORMATION (OCLC)
a
SA-JeALM
d
250107
u
mohamedma123
n
1
Holdings
Withdrawn status
Lost status
Source of classification or shelving scheme
Damaged status
Not for loan
Home library
Current library
Date acquired
Total checkouts
Full call number
Barcode
Date last seen
Price effective from
Koha item type
Dewey Decimal Classification
DR AbdElwahab Library
DR AbdElwahab Library
01/09/2025
252 ك ب ي
000007301
01/09/2025
01/09/2025
Books
Place hold
Print
Add to your cart
(remove)
Save record
BIBTEX
Dublin Core
MARCXML
MARC (non-Unicode/MARC-8)
MARC (Unicode/UTF-8)
MARC (Unicode/UTF-8, Standard)
MODS (XML)
RIS
ISBD
More searches
Search for this title in:
Other Libraries (WorldCat)
Other Databases (Google Scholar)
Online Stores (Bookfinder.com)
Open Library (openlibrary.org)
Exporting to Dublin Core...
×
Simple DC-RDF
OAI-DC
SRW-DC